Kana kana devakana: Kiru prapanchadolage ondu iniku (Record no. 149693)
[ view plain ]
| 000 -LEADER | |
|---|---|
| fixed length control field | 01914nam a2200217Ia 4500 |
| 003 - CONTROL NUMBER IDENTIFIER | |
| control field | OSt |
| 005 - DATE AND TIME OF LATEST TRANSACTION | |
| control field | 20251219091604.0 |
| 008 - FIXED-LENGTH DATA ELEMENTS--GENERAL INFORMATION | |
| fixed length control field | 210210b2012 xxu||||| |||| 00| 0 eng d |
| 040 ## - CATALOGING SOURCE | |
| Transcribing agency | AL |
| 041 ## - LANGUAGE CODE | |
| Language code of text/sound track or separate title | Kannada |
| 082 ## - DEWEY DECIMAL CLASSIFICATION NUMBER | |
| Classification number | 539.721K PALK |
| 100 ## - MAIN ENTRY--PERSONAL NAME | |
| Personal name | PALAHALLI VISHVANATH |
| Dates associated with a name | ಪಾಲಹಳ್ಳಿ ವಿಶ್ವನಾಥ್ |
| 9 (RLIN) | 249493 |
| 245 ## - TITLE STATEMENT | |
| Title | Kana kana devakana: Kiru prapanchadolage ondu iniku |
| Remainder of title | ಕಣ ಕಣ ದೇವಕಣ : ಕಿರು ಪ್ರಪಂಚದೊಳಗೆ ಒಂದು ಇಣಿಕು |
| 260 ## - PUBLICATION, DISTRIBUTION, ETC. | |
| Place of publication, distribution, etc. | BengaLUru |
| Name of publisher, distributor, etc. | Vasanta Prakashana |
| Date of publication, distribution, etc. | 2012 |
| 300 ## - PHYSICAL DESCRIPTION | |
| Extent | x,117 |
| 520 ## - SUMMARY, ETC. | |
| Summary, etc. | 'ಕಣ ಕಣ ದೇವಕಣ : ಕಿರು ಪ್ರಪಂಚದೊಳಗೆ ಒಂದು ಇಣಿಕು' ಪಾಲಹಳ್ಳಿ ವಿಶ್ವನಾಥ್ ಅವರು ಬರೆದ ವಿಜ್ಞಾನ ಕೃತಿಯಾಗಿದ್ದು, ಕ್ವಾಂಟಮ್ ಭೌತಶಾಸ್ತ್ರ ಮತ್ತು ಸಾಪೇಕ್ಷತಾ ಸಿದ್ಧಾಂತದಂತಹ ಸಂಕೀರ್ಣ ವಿಷಯಗಳನ್ನು ಸರಳವಾಗಿ ಸಾಮಾನ್ಯ ಜನರಿಗೆ ತಲುಪಿಸುವ ಉದ್ದೇಶದಿಂದ ರಚಿಸಲಾಗಿದೆ. ಈ ಪುಸ್ತಕವು ಪರಮಾಣುವಿನ ಒಳಗಿರುವ ಚಿಕ್ಕ ಪ್ರಪಂಚದ ಬಗ್ಗೆ, ಅಂದರೆ ಕಣಗಳ ಬಗ್ಗೆ ಆಸಕ್ತಿಕರವಾದ ಮಾಹಿತಿಯನ್ನು ನೀಡುತ್ತದೆ, ವಿಜ್ಞಾನದ ಆವಿಷ್ಕಾರಗಳೊಂದಿಗೆ ವಿಶ್ವಾದ ತಿಳುವಳಿಕೆಯನ್ನು ವಿಸ್ತರಿಸಲು ಸಹಾಯ ಮಾಡುತ್ತದೆ. |
| 650 ## - SUBJECT ADDED ENTRY--TOPICAL TERM | |
| Topical term or geographic name entry element | ಭೌತವಿಜ್ಞಾನದ ಕಣ ಮತ್ತು ಕ್ವಾಂಟಮ್ ಸಿದ್ಧಾಂತಗಳ ಪರಿಚಯ. |
| 9 (RLIN) | 249494 |
| 690 ## - LOCAL SUBJECT ADDED ENTRY--TOPICAL TERM (OCLC, RLIN) | |
| Topical term or geographic name as entry element | Nuclear Physics |
| 9 (RLIN) | 249495 |
| 906 ## - LOCAL DATA ELEMENT F, LDF (RLIN) | |
| a | 067328 |
| 942 ## - ADDED ENTRY ELEMENTS (KOHA) | |
| Source of classification or shelving scheme | Dewey Decimal Classification |
| Koha item type | Book |
| Withdrawn status | Lost status | Source of classification or shelving scheme | Damaged status | Not for loan | Collection code | Home library | Current library | Shelving location | Date acquired | Source of acquisition | Cost, normal purchase price | Total Checkouts | Full call number | Barcode | Date last seen | Price effective from | Koha item type |
|---|---|---|---|---|---|---|---|---|---|---|---|---|---|---|---|---|---|
| Dewey Decimal Classification | Physics | St Aloysius Library | St Aloysius Library | 02/17/2021 | Navasiri Prakashana, Mangalore | 75.00 | 539.721K PALK | 067328 | 02/17/2021 | 02/17/2021 | Book |